[Event "Dieppe op 3rd"]
[Site "Dieppe"]
[Date "2002.08.01"]
[Round "6"]
[White "Gaillard, Emmanuel"]
[Black "Hauduc, Helene"]
[Result "0-1"]
[WhiteElo "1100"]
[BlackElo "1250"]
[PlyCount "72"]
[EventDate "2002.??.??"]
[EventType "swiss"]
[EventRounds "9"]
[EventCountry "FRA"]
[SourceTitle "EXT 2005"]
[Source "ChessBase"]
[SourceDate "2004.11.15"]
[SourceVersion "1"]
[SourceVersionDate "2004.11.15"]
[SourceQuality "1"]

1. e4 e5 2. d3 Nf6 3. f4 d6 4. fxe5 dxe5 5. Nf3 Nc6 6. h3 Bc5 7. g4 h5 8. g5 Ng8 9. Be2 Be6 10. Nh4 g6 11. c3 Qd6 12. b4 Bb6 13. Ba3 Qd8 14. b5 Qxg5 15. Nf3 Qg3+ 16. Kd2 Na5 17. Qa4 0-0-0 18. Bb4 Nc4+ 19. Kc2 Ne3+ 20. Kc1 Qf2 21. Re1 Ng2 22. Kd1 Nf6 23. Rf1 Qe3 24. c4 Bxc4 25. Nxe5 Nxe4 26. Nxc4 Nf2+ 27. Kc2 Qxe2+ 28. Nbd2 Qxd3+ 29. Kb2 Kb8 30. Nxb6 cxb6 31. Rxf2 Qd4+ 32. Bc3 Qxf2 33. Rf1 Rxd2+ 34. Bxd2 Qxf1 35. Qd4 Qxb5+ 36. Ka1 Rc8 0-1